Riconosci la Bandiera sbagliata - Asia - Quiz n°5 - Statistics

Statistiche generali
  • Questo quiz è stato fatto 7 volte
  • Il punteggio medio è 5 su 8
Statistiche sulle risposte
Domanda Risposta % Corretto
Qual è la bandiera sbagliata?
100%
Qual è la bandiera sbagliata?
86%
Qual è la bandiera sbagliata?
86%
Qual è la bandiera sbagliata?
86%
Qual è la bandiera sbagliata?
71%
Qual è la bandiera sbagliata?
43%
Qual è la bandiera sbagliata?
14%
Qual è la bandiera sbagliata?
0%
Nessun quiz corrispondente trovato
Distribuzione punteggi
Percentuale di utenti per punteggio
Percentile per numero di risposta
I tuoi punteggi nel tempo
Non hai fatto questo quiz